| 000 | 00419nam a22001697a 4500 | ||
|---|---|---|---|
| 005 | 20180519153204.0 | ||
| 008 | 160519b xxu||||| |||| 00| 0 eng d | ||
| 020 | _a978-81-908762-5 | ||
| 041 | _aeng | ||
| 082 |
_b3328 _a515.43 |
||
| 100 |
_aSinha K.C. _9829 |
||
| 245 | _aIntegral Calculus Fan IIT-JEE | ||
| 260 |
_bEducation Pub. Group _c2011 |
||
| 300 | _a10.66 | ||
| 650 |
_aDIPLOMA ENGINEERING _9817 |
||
| 942 | _cBK | ||
| 999 |
_c1138 _d1138 |
||